书目信息 |
| 题名: |
鄱阳湖生态经济区水文水资源演变规律研究
|
|
| 作者: | 谭国良 编著 | |
| 分册: | ||
| 出版信息: | 北京 中国水利水电出版社 2013 |
|
| 页数: | 277页 | |
| 开本: | 26cm | |
| 丛书名: | ||
| 单 册: | ||
| 中图分类: | P343.3 , TV213.3 | |
| 科图分类: | ||
| 主题词: | 生态区 , 区域水文学 , 水 , 资源 | |
| 电子资源: | ||
| ISBN: | 978-7-5170-0936-8 | |
| 000 | 01171nam0 2200325 450 | |
| 001 | 012015000286 | |
| 005 | 20150914155216.35 | |
| 010 | @a978-7-5170-0936-8@b精装@dCNY75.00 | |
| 100 | @a20140429d2013 em y0chiy50 ea | |
| 101 | 0 | @achi |
| 102 | @aCN@b110000 | |
| 105 | @aa z 000yy | |
| 106 | @ar | |
| 200 | 1 | @a鄱阳湖生态经济区水文水资源演变规律研究@Apo yang hu sheng tai jing ji qu shui wen shui zi yuan yan bian gui lv yan jiu@f谭国良[等]编著 |
| 210 | @a北京@c中国水利水电出版社@d2013 | |
| 215 | @a277页@c图@d26cm | |
| 304 | @a编著者还有:郭生练、王俊、吕孙云 | |
| 330 | @a本书以鄱阳湖区规划、鄱阳湖生态经济区建设、鄱阳湖水利枢纽规划设计等生产与科研任务为基础,围绕鄱阳湖区水文生态动态监测、水量平衡及水资源配置、洪水预报及防洪安全、气候变化及人类活动影响等方面,进行了创新性研究。 | |
| 606 | 0 | @a生态区 |
| 606 | 0 | @a区域水文学 |
| 606 | 0 | @a水 |
| 606 | 0 | @a资源 |
| 607 | @a鄱阳湖@x生态区@x区域水文学@x研究 | |
| 607 | @a鄱阳湖@x生态区@x水@x资源@x演变@x研究 | |
| 607 | @a鄱阳湖 | |
| 690 | @aP343.3@v5 | |
| 690 | @aTV213.3@v5 | |
| 701 | 0 | @a谭国良@Atan guo liang@4编著 |
| 801 | 0 | @aCN@b碧洲教育@c20150716 |
| 905 | @a10447@f4@dP343.3@e115 | |
| 鄱阳湖生态经济区水文水资源演变规律研究/谭国良[等]编著.-北京:中国水利水电出版社,2013 |
| 277页:图;26cm |
| ISBN 978-7-5170-0936-8(精装):CNY75.00 |
| 本书以鄱阳湖区规划、鄱阳湖生态经济区建设、鄱阳湖水利枢纽规划设计等生产与科研任务为基础,围绕鄱阳湖区水文生态动态监测、水量平衡及水资源配置、洪水预报及防洪安全、气候变化及人类活动影响等方面,进行了创新性研究。 |
| ● |
| 相关链接 |
|
|
|
|
正题名:鄱阳湖生态经济区水文水资源演变规律研究
索取号:P343.3/115
 
预约/预借
| 序号 | 登录号 | 条形码 | 馆藏地/架位号 | 状态 | 备注 |
| 1 | 0849895 | 208498954 | 第二样本阅览室/ [索取号:P343.3/115] | 在馆 | |
| 2 | 0849896 | 208498963 | 第三借阅区/ [索取号:P343.3/115] | 在馆 | |
| 3 | 0849897 | 208498972 | 第三借阅区/ [索取号:P343.3/115] | 在馆 | |
| 4 | 0849898 | 208498981 | 第三借阅区/ [索取号:P343.3/115] | 在馆 |